Sudden death 2 biggest cities in each us states - Statistics

General Stats
  • This quiz has been taken 364 times
  • The average score is 14 of 56
Answers on the Grid
Answers color-coded by a green-red scale on the quiz's grid according to % correct below.
Albuquerque
Ames
Annapolis
Atlanta
Austin
baltimore
Bangor
Baton rouge
Birmingham
Bismarck
Boise
Boston
Bowling green
Bozeman
Bridgeport
Burlington
Cambridge
Carson City
Ceder Rapids
Chandler
Charleston
Charleston (WV)
Chicago
Cincinnati
Cleveland
Columbia (SC)
Columbus
Dallas
Dayton
Denver
Detroit
dover
Duluth
Durham
Eugene
Fargo
Flint
Fort Wayne
Garry
Green bay
Hartford
Helena
Henderson
Honolulu
hot springs
Houston
Idaho falls
Jackson
Juneau
Kansas City
Knoxville
Lexington
Lincoln
Los Angeles
Manchester
Memphis
Miami
Milwaukee
Minneapolis
Missoula
Mobile
new Haven
New Orleans
Newark
Norman
NYC
Oklahoma City
Omaha
Orlando
Overland Park
Pawtucket
Peoria
Philadelphia
phoenix
Pierre
Pittsburgh
Portland (ME)
Providence
Raleigh
Reno
Richmond
Rochester
Roswell
Salem
Salt Lake City
San Antonio
San Francisco
Santa Fe
Savannah
Seattle
Sioux Falls
South Bend
Springfield (IL)
Springfield (MO)
St Louis
Tacoma
Tampa
Topeka
Trenton (NJ)
Virginia Beach
Wichita
 
Answer Stats
Answer % Correct
1st in NM Albuquerque
70%
1st in GA Atlanta
64%
1st in MD baltimore
60%
1st in MA Boston
50%
1st in MI Detroit
48%
1st in ID Boise
47%
1st in IL Chicago
47%
1st in CA Los Angeles
38%
1st in PN Philadelphia
37%
1st in HI Honolulu
33%
1st in UT Salt Lake City
33%
1st in CO Denver
32%
1st in TX Houston
32%
1st in NY NYC
32%
2nd in PN Pittsburgh
32%
2nd in TX Dallas
31%
1st in LA New Orleans
31%
1st in OK Oklahoma City
31%
1st in MI Minneapolis
29%
2nd in TN Memphis
28%
1st in AZ phoenix
28%
2nd in SC Charleston
27%
1st in WA Seattle
27%
1st in MO Kansas City
26%
2nd in LA Baton rouge
25%
1st in VT Burlington
25%
2nd in FL Miami
25%
1st in OH Columbus
24%
1st in WI Milwaukee
24%
1st in ND Fargo
23%
1st in RI Providence
21%
1st in NE Omaha
19%
2nd in OH Cleveland
18%
1st in SC Columbia (SC)
18%
1st in MS Jackson
18%
1st in NJ Newark
18%
2nd in MO St Louis
18%
1st in KS Wichita
18%
2nd in AL Birmingham
17%
2nd in NC Raleigh
17%
2nd in ND Bismarck
16%
1st in CT Bridgeport
15%
1st in WV Charleston (WV)
14%
1st in ME Portland (ME)
13%
1st in VA Virginia Beach
13%
2nd in IN Fort Wayne
11%
2nd in KY Lexington
11%
2nd in NE Lincoln
11%
1st in NH Manchester
11%
1st in SD Sioux Falls
11%
2nd in IA Ceder Rapids
9%
2nd in DE dover
5%
2nd in NV Henderson
5%
2nd in MT Missoula
4%
2nd in OR Eugene
2%
2nd in KS Overland Park
1%
No matching quizzes found
Score Distribution
Percent of People with Each Score
Percentile by Number Answered
Your Score History
You have not taken this quiz